000
00298nam a2200133Ia 4500
100
_a
Andrews/ Sudhir
650
_a
General
942
_c
BK
654
_a
How To succed
245
_a
How To Succed At Interviews
260
_b
Tata McGraw Hill
_a
New Delhi
_c
1988
300
_a
91
546
_a
ENGLISH
999
_c
23180
_d
23180